000 00541nam a2200193Ia 4500
005 20260429112216.0
008 260429s9999||||xx |||||||||||||| ||und||
020 _a9789393884763
041 _aEnglish
082 _a572.56
_bJOS
100 _aJoshi, Bal Chandra
245 0 _aComplex carbohydrates and advances in biosciences /
_cBal Chandra Joshi
260 _aNew Delhi :
_bRandom Publications,
_c2022.
300 _aviii, 305 p.; hb
650 _a Biosciences
650 _a Carbohydrates
650 _aBiochemistry
942 _cTB
999 _c52907
_d52907